Library Logo

Pioneer International University Library Catalogue

Riwaya ya Kiswahili : (Record no. 9251)

MARC details
000 -LEADER
fixed length control field 00476cam a2200169 i 4500
005 - DATE AND TIME OF LATEST TRANSACTION
control field 20250901165803.0
008 - FIXED-LENGTH DATA ELEMENTS--GENERAL INFORMATION
fixed length control field 160922s2016 ke b 001 0 swa c
010 ## - LIBRARY OF CONGRESS CONTROL NUMBER
LC control number 2015333826
020 ## - INTERNATIONAL STANDARD BOOK NUMBER
International Standard Book Number 9789966510648
020 ## - INTERNATIONAL STANDARD BOOK NUMBER
International Standard Book Number 9966510648
050 00 - LIBRARY OF CONGRESS CALL NUMBER
Classification number PL8703.5
Item number .M33 2016
100 1# - MAIN ENTRY--PERSONAL NAME
Personal name Mbatiah, Mwenda,
Relator term author.
245 10 - TITLE STATEMENT
Title Riwaya ya Kiswahili :
Remainder of title chimbuko na maendeleo yake /
Statement of responsibility, etc. Mwenda Mbatiah.
250 ## - EDITION STATEMENT
Edition statement Chapa ya kwanza.
300 ## - PHYSICAL DESCRIPTION
Extent vi, 348 pages ;
Dimensions 21 cm
942 ## - ADDED ENTRY ELEMENTS (KOHA)
Source of classification or shelving scheme Library of Congress Classification
Holdings
Withdrawn status Lost status Source of classification or shelving scheme Damaged status Not for loan Collection Home library Current library Shelving location Date acquired Total checkouts Full call number Barcode Date last seen Copy number Price effective from Koha item type
    Library of Congress Classification       Main Library Main Library   03/12/2025   PL 8703.5 M33 2016 PIUD0000110 04/08/2025 1 03/12/2025 Books
    Library of Congress Classification       Main Library Main Library   03/12/2025   PL 8703.5 M33 2016 PIUD0000111 04/08/2025 2 03/12/2025 Books